000 00629nam a2200217 i 4500
001 C2-0171922
003 PPAK
005 20180729134012.0
008 980825s1985 my |||| ||||| | may d
022 _a0126-9062
040 _aPPAK
_beng
_cPPAK
_erda
082 0 4 _a016.079595
_2 23
090 0 0 _a016.079595
_bIND
_dR
245 0 0 _aIndeks suratkahabar Malaysia April - Jun
_bsuratkhabar Bahasa Malaysia
264 1 _aKuala Lumpur :
_bPerpustakaan Negara Malaysia ,
_c1985
300 _a81 pages ;
_c30 cm
336 _2rdacontent
_atext
337 _2rdamedia
_aunmediated
338 _2rdacarrier
_avolume
942 _ddc
_cB
999 _c154868
_d154868